000 004930000a22001810004500
041 0 _aENG
082 0 4 _aG 234.131 L7481t
100 1 _aLindsay, Gordon
245 1 0 _aThirty bible reasons why Christ heals today / Gordon Lindsay
260 _aDallas, TX., USA : Christ For the Nations
300 _a36 Pag
650 1 4 _aSANIDAD ESPIRITUAL
001 4218
942 _cBK
999 _c34829
_d34829
336 _atexto
_btxt
_2rdacontent
337 _2rdamedia
_asin mediación
_bn
338 _2rdacarrier
_avolumen
_bnc